El caso Brackenstall / (Registro nro. 10312)

Detalles MARC
000 -LIDER
fixed length control field 00710nam a22002537a 4500
001 - NÚMERO DE CONTROL
Identificador de número de control 00008980
003 - IDENTIFICACDOR DE NÚMERO DE CONTROL
control field DO-SdBNP
005 - DATE AND TIME OF LATEST TRANSACTION
control field 20180118111349.0
007 - CAMPOS FIJOS DE DESCRIPCIÓN FÍSICA
fixed length control field 00008980
008 - ELEMENTOS DE LONGITUD FIJA
fixed length control field 160608b 1986 sp ||||| |||| 00| 0 spa d
020 ## - ISBN
International Standard Book Number 8485831675
040 ## - FUENTE DE CATALOGACIÓN
Agencia que crea de manera original el registro BPMSU
Idioma de catalogación spa
Agencia que realiza la transcripción BPMSU
092 ## - LOCALLY ASSIGNED DEWEY DECIMAL CALL NUMBER
Número de clasificación xxxx
Número de ítem (Cutter) xxxx
100 1# - ASIENTO PRINCIPAL -- NOMBRE PERSONAL
Nombre personal Barrena, Pablo,
Mención de responsabilidad 1948-
245 10 - MENCIÓN DE TITULO
Título El caso Brackenstall /
Mención de responsabilidad Pablo Barrena ; ilustraciones Justo Jimeno.
260 ## - PUBLICACIÓN, DISTRIBUCIÓN, ETC. (PIE DE IMPRENTA)
Lugar de publicación, distribución, etc [Madrid] :
Nombre del editor, distribuidor, etc. Ingelek,
Fecha de publicación, distribución, etc 1986.
300 ## - DESCRIPCIÓN FÍSICA
Extensión 94 p. :
Materiales especificados il. ;
Enlace 20 cm.
490 1# - MENCIÓN DE SERIES
Mención de serie Multiaventura
Volume/sequential designation 3
700 12 - ASIENTO SECUNDARIO -- NOMBRE PERSONAL
Nombre personal Jimeno, Justo,
Mención de responsabilidad il.
830 ## - ASIENTO SECUNDARIO DE SERIE--TÍTULO UNIFORME
Nombre de la parte o sección de una obra Multiaventura
Volume number/sequential designation 3
942 ## - ADDED ENTRY ELEMENTS (KOHA)
Source of classification or shelving scheme Dewey Decimal Classification
Koha item type Libros
945 ## - INFORMACIÓN DE PROCESAMIENTO LOCAL
Información de procesamiento local Inventariado, 2018/LP
956 ## - LOCAL ELECTRONIC LOCATION AND ACCESS (OCLC)
Nombre de host LOPEREZ
Número de acceso 10
Información de compresión 20160608
Existencias
Withdrawn status Lost status Source of classification or shelving scheme Damaged status Not for loan Collection code Home library Current library Date acquired Source of acquisition Total Checkouts Barcode Date last seen Price effective from Koha item type
    Dewey Decimal Classification     Colección General Biblioteca Pública Metropolitana Salomé Ureña Biblioteca Pública Metropolitana Salomé Ureña 06/08/2016 Donado por FUNDI   BPMSU16060103 06/08/2016 06/08/2016 Libros